00411nam a2200157Ia 4500008004100000082002000041100002200061245003100083250000600114260001900120300000800139600002200147630003100169700002200200730003100222151018s9999 xx 000 0 und d bRBASDV5748a824 aJawanarlal Nehru aJawahwelal Nehr a Memorial b1 bRediancec1961 a174 aJawanarlal Nehru aJawahwelal Nehr a Memorial aJawanarlal Nehru aJawahwelal Nehr a Memorial